| 000 | 00517nam a22002057a 4500 | ||
|---|---|---|---|
| 003 | OSt | ||
| 005 | 20170207190917.0 | ||
| 008 | 140701b xxu||||| |||| 00| 0 eng d | ||
| 020 | _a9780781771740 | ||
| 040 | _cLDC | ||
| 082 | _aQS4 C472g 2008 | ||
| 100 |
_aChung WON Kyung; Chung,Harold M. _9181 |
||
| 245 | _aGross Anatomy | ||
| 250 | _a6th ed. | ||
| 260 |
_aLondon; _bWolter Kluwer _c2008 |
||
| 300 |
_axii, 498 p.: _bCol.ill; _c26 cm. |
||
| 504 | _aIncludes Index | ||
| 650 |
_aAnatomy _9124 |
||
| 942 |
_2z _cO_SHELF |
||
| 999 |
_c59 _d59 |
||